00713nam a2200241 a 4500001001300000003000900013005001700022008004100039020001000080082001600090100002000106245003400126260004100160300000800201500003500209505002700244650003600271700002000307902000800327942000700335952011600342999001300458nice12345678IN_TiNIC20260116011349.0050524s0000 luca grp 000 0 per  ac10000a297.4bBAK1 aBakhtiya Kaki,  aDaleel-Ul-arifeenb Malfoozat aLucknowbGulzar-E-syedi Press c0000 a68p aincludes index and biblioraphy2 aPlus Some Other Tracts aSufism-Bakhtiyar Kaki-Malfoozat1 aBakhtiya Kaki,  bRBA cBK 001040708RareBook->aHMIbHMId2007-08-09g100.00l0o297.4 BAK1p04118r2007-08-09v100.00w2005-05-24yBK c874d874